000 00183 a2200097 4500
020 _a9781933693613
041 _aspa
100 _aJoe Hayes
245 _aBaila Nana Baila
942 _cBK
999 _c12751
_d12751